[Event "FRA-ch rapid (Women)"]
[Site "Monteux"]
[Date "2016.06.11"]
[Round "2"]
[White "Giau, S."]
[Black "Soubirou, Oriane"]
[Result "1/2-1/2"]
[WhiteElo "1907"]
[BlackElo "2077"]
[PlyCount "80"]
[EventDate "2016.06.11"]
[EventType "swiss (rapid)"]
[EventRounds "9"]
[EventCountry "FRA"]
[SourceTitle "CBM 173 Extra"]
[Source "ChessBase"]
[SourceDate "2016.08.29"]
[SourceVersion "1"]
[SourceVersionDate "2016.08.29"]
[SourceQuality "1"]

1. e4 e6 2. d4 d5 3. exd5 exd5 4. Bd3 Bd6 5. c3 Ne7 6. Ne2 Bg4 7. Qc2 Nbc6 8. 0-0 Qd7 9. h3 Be6 10. Nf4 Bxf4 11. Bxf4 0-0-0 12. Nd2 Ng6 13. Bg3 Nce7 14. Rfe1 h5 15. Nf3 h4 16. Bh2 Rh5 17. Ne5 Nxe5 18. Rxe5 Rxe5 19. Bxe5 f6 20. Bh2 Bf5 21. Re1 Bxd3 22. Qxd3 Nf5 23. Qe2 g6 24. Qe6 Qxe6 25. Rxe6 Rf8 26. Kf1 Kd7 27. Re2 Nd6 28. Bxd6 Kxd6 29. Ke1 b6 30. Kd2 Rh8 31. Re3 Rh5 32. Rf3 Ke6 33. Re3+ Kd6 34. Rf3 Ke6 35. Re3+ Kf7 36. Ke2 Rg5 37. g3 Rh5 38. g4 Rh8 39. f4 Rd8 40. Kd3 Rd6 1/2-1/2